| 000 | 01504nam a2200325 a 4500 | ||
|---|---|---|---|
| 001 | BRCA_3187 | ||
| 005 | 20190320204144.0 | ||
| 008 | 160209s1687----enka---###---#000-0#eng-u | ||
| 041 | _aeng | ||
| 044 | _aenk | ||
| 084 |
_a489 _b.H63 _c1687 |
||
| 100 | 1 |
_aCervantes Saavedra, Miguel de _d1547-1616 _9213 |
|
| 245 | 1 | 0 |
_aThe History of the Most Renowned Don Quixote of Mancha _cMiguel de Cervantes. |
| 260 |
_aLondres _bTho. Hodgkin _c1687 |
||
| 300 |
_a616 p. _bil. _c35 cm. |
||
| 500 | _aContenido : Primera parte. Dedicatoria del traductor. Algo en forma de díalogo en vez de epístola por el traductor. Algunos versos preliminares. Texto. Segunda parte. Algunas poesías dedicadas a D. Quijote, Dulcinea y Sancho P. Texto | ||
| 500 | _aEdición : Now Made English Accourding to the Humour of our MOdern Language, and Adorned With Several Cooper Plates | ||
| 500 | _aEjemplar enteramente igual al LO-489. Semipiel Lúdovik Osterc | ||
| 500 | _aEstado físico : Contiene firma en la guarda. Portada maltratada y con anotaciones en ella | ||
| 500 | _aQM401 | ||
| 546 | _aTexto en : inglés | ||
| 650 | 1 | 4 |
_aNovela española _yÉpoca clásica, 1500-1700 _9215 |
| 650 | 1 | 4 |
_aLiteratura española _yÉpoca clásica, 1500-1700 _9216 |
| 650 | 1 | 4 |
_aNovela española _ySiglo XVII _9217 |
| 650 | 1 | 4 |
_aDon Quijote (Personaje ficticio) _eNovela _9218 |
| 700 | 1 |
_aPhillips, John _d1631-1706 _eTraductor _98559 |
|
| 740 | 0 | _aEl Ingenioso Hidalgo Don Quijote de la Mancha | |
| 902 | _aQFM | ||
| 942 |
_2lcc _cB |
||
| 999 |
_c2923 _d2923 |
||